| 000 | 00542nam a22001337a 4500 | ||
|---|---|---|---|
| 999 |
_c2654 _d2654 |
||
| 050 |
_aHC1060 _b.G423 |
||
| 245 |
_aFIVE- YEAR DEVELOPMENT PLAN 1975/76-1979/80 _cREPUBLIC OF GHANA |
||
| 250 | _aPart ii | ||
| 260 |
_aAccra _bMinistry of Economic Planning _c1977 |
||
| 300 |
_ax,482p. _btables. _c25cm. |
||
| 500 | _a | ||
| 505 | _aAgriculture Transportation and communication Manufacturing industries Mining industries Forestry Game and Wildlife Education Manpower and employment Health Housing Social Welfare Utilities | ||
| 942 | _cBK | ||